000 00333nam a22001457a 4500
008 230508b ||||| |||| 00| 0 eng d
020 _a9780275996963
041 _aeng
080 _2VOLUME 1,2
_a34
082 _a34FAG
100 _a30
101 _aJUREDIK
245 _aGLOBALIZATION AND SECURITY
_cFAGAN.H.G
942 _2udc
_cBK
999 _c59661
_d59661